00454 a2200109 4500082001000000100001600010245011200026260008200138300003400220500003300254856005700287 aMIT-2 a Atiya Azim aA Loosely Coupled Decentralized and Autonomous Frameword for Grid Enabled Analysis Environmentc Atiya Azim a Islamabad,bNUST School of Electrical Engineering & Computer Science,c2004. a xiii, 63 p. :bill. ;c27 cm aSupervisor : Dr. Arshad Ali. uhttp://10.250.8.41:8080/xmlui/handle/123456789/30511